عرض عادي
عرض مارك
- Nursing
مدخل مصطلح موضوعي
001 - رقم الضبط
- حقل الضبط: 10227
003 - معرف رقم الضبط
- حقل الضبط: OSt
005 - تاريخ ووقت أخر عملية
- حقل الضبط: 20120405215335.0
008 - عناصر بيانات ثابتة الطول
- حقل تحكم ثابت الطول: 120405|||a|||||| | ||| d
040 ## - مصدر الفهرسة
- هيئة الفهرسة الأصلية: OSt
- وكالة الكتابة: OSt
150 ## - مدخل-- مصطلح تاريخي
- عنصر مدخل المصطلح الموضوعي او الاسم الجغرافي: Nursing
- تفريع عام: Study and teaching.
670 ## - بيانات المصدر موجوده
- الاستشهاد بالمصدر: Work cat.: (OSt)0: Teaching in nursing :, c2005.
